Ekonómovia vynechávajú celý sociálny svet

Pokračovanie v analýzach a úvahách Georga Sorosa, ktoré vystríhajú pred jednostrannosťou preferovania hodnôt trhu a peňazí, podľa textu jeho knihy Kríza globálneho kapitalizmu.

Saved in:
Bibliographic Details
Main Author: Soros, George
Format: Book Chapter
Language:Slovak
Subjects:
Tags: Add Tag
No Tags, Be the first to tag this record!

MARC

LEADER 00000naa a2200000 4500
001 r040125
005 20230927091117.8
041 0 |a slo 
044 |a SK 
245 1 0 |a Ekonómovia vynechávajú celý sociálny svet  |c George Soros 
520 |a Pokračovanie v analýzach a úvahách Georga Sorosa, ktoré vystríhajú pred jednostrannosťou preferovania hodnôt trhu a peňazí, podľa textu jeho knihy Kríza globálneho kapitalizmu. 
610 2 0 |a veda ekonomická 
610 2 0 |a teórie ekonomické 
610 2 0 |a kapitalizmus 
610 2 0 |a globalizácia 
610 2 0 |a kríza 
610 2 0 |a trh 
610 2 0 |a peniaze 
610 2 0 |a potreby ekonomické 
610 2 0 |a Soros, G. 
100 1 |a Soros, George